=LDR 00000nam 2200000 4500 =001 000960 =005 20250712014412 =035 ##$$a 0010-0725000839 =007 ta =008 250712################a##########0#ind## =020 ##$$a 978-623-307-396-7 =082 ##$$a 398.209 598 =084 ##$$a 398.209 598 SIN s =100 #$$a sinha Sukanya =245 1#$$a Seberapa jauh "jauh" itu? /$c Sukanya sinha =250 ##$$a Cetakan pertama =260 ##$$a Rawamangun :$b Badan pengembangan dan pembinaan bahasa,$c 2022 =300 ##$$a 20 hlm. : $b Ilus. ; $c 21 cm. =650 #4$$a Cerita anak indonesia-terjemahan =650 #4$$a Literasi-bahan bacaan